00414nam a2200133Ia 4500100001800000942000700018654000900025245003400034260003200068082000900100546001200109999001700121952014200138 aMiller/ M.A.  cBK aLian aLian Troubleshooting handbook bB.P.B. PubaNew Delhic1993 a4.68 aENGLISH c33780d33780 001040708CRCaCRCEbCRCEc1542 | 36d2023-03-17eglobal booksg150.00i96/14.01.94l0o4.68 p5225r2023-03-17v150.00w2023-03-17yBK